| 000 | 00861nam a22001817a 4500 | ||
|---|---|---|---|
| 999 |
_c59177 _d59177 |
||
| 003 | Ge_BSU | ||
| 005 | 20221202105138.0 | ||
| 008 | 221202s1982ge xxu||||| |||| 00| 0 geo d | ||
| 041 | _ageo | ||
| 080 | _a1(479.22)(092გოგიბერიძე, მ) უ-58 | ||
| 100 |
_aურიდია, ბორის, ავტ _916302 |
||
| 245 |
_aმოსე გოგიბერიძე : _bფილოსოფიური მემკვიდრეობა / _c ბორის ურიდია, რედ. გ.შუშანავილი |
||
| 264 |
_aთბილისი : _b მეცნიერება, _c1982. |
||
| 300 |
_a195გვ. ; _b21სმ. |
||
| 653 | _aფილოსოფიური მემკვიდრეობა | ||
| 700 |
_aშუშანაშვილი,გ _eრედაქტორი _916303 |
||
| 942 |
_2udc _cBK |
||